|
|
|
|
| LEADER |
00870nam a2200265 a 4500 |
| 001 |
adlib96000001 |
| 003 |
ViArRB |
| 005 |
20151026132200.0 |
| 008 |
960221s1955 dcuabcdjdbkoqu001 0deng d |
| 020 |
|
|
|a 3-527-4055-42
|
| 022 |
|
|
|
| 040 |
|
|
|a Adlib
|
| 082 |
|
|
|a 53(03)"2005"
|
| 245 |
|
|
|a Encyclopedia of physics
|
| 250 |
|
|
|a 3rd ed.
|
| 260 |
|
|
|a Weinheim
|b Wiley-VCH
|c 2005
|
| 300 |
|
|
|a Vol.1: xliv, 1354p. vol.2:1355-2991p.
|
| 500 |
|
|
|a
|
| 100 |
|
|
|a Lerner, Rita G.
|e ed. by
|
| 700 |
|
|
|a Trigg, George L.
|
| 942 |
|
|
|c REF
|6 _
|
| 653 |
|
|
|a Physics- dictionaries
|a Encyclopedia- Physics
|
| 999 |
|
|
|c 43225
|d 43225
|
| 952 |
|
|
|0 0
|1 0
|4 0
|6 53032005_LER1
|7 0
|9 55356
|a UL
|b UL
|d 2010-06-16
|o 53(03)"2005" LER.1
|p 00054949
|r 2010-06-16
|w 2010-06-16
|y REF
|
| 952 |
|
|
|0 0
|1 0
|4 0
|6 53032005_LER2
|7 0
|9 55357
|a UL
|b UL
|d 2010-06-16
|o 53(03)"2005" LER.2
|p 00054950
|r 2010-06-16
|w 2010-06-16
|y REF
|